| 000 | 00816na a2200289 4500 | ||
|---|---|---|---|
| 999 |
_c13037 _d13037 |
||
| 001 | 15469 | ||
| 003 | MIRAKIL | ||
| 005 | 20190325122723.0 | ||
| 008 | 161227b tu 000 0 | ||
| 020 | _a9789756294147 | ||
| 035 | _a15469 | ||
| 040 |
_aMilas _btur _cTR-AnCHP |
||
| 041 | _atur | ||
| 082 |
_a327.09561 _bL27k 2011 |
||
| 090 | _a327.09561 L27k 2011 | ||
| 100 | _aLatif, Hüseyin | ||
| 245 |
_aKüreselleşen dünya ve değişen Türkiye _cHüseyin Latif |
||
| 260 |
_aİstanbul _bBizimAvrupa yayınları _c2011 |
||
| 300 |
_a291 s. _c20 sm. |
||
| 504 | _aDizin var. | ||
| 650 |
_aKüreselleşme _xÇevresel sorunlar _zTürkiye |
||
| 651 |
_aTürkiye _xSosyo ekonomik durum |
||
| 651 |
_aTürkiye _xSiyasal durum _yDış ilişkiler |
||
| 942 |
_2ddc _cBKS |
||
| 999 | _d13037 | ||
| 999 | _d2135 | ||